| 000 | 00723nam a2200241 a 4500 | ||
|---|---|---|---|
| 001 | BRCA_6426 | ||
| 005 | 20190320205440.0 | ||
| 008 | 210911s1910----enk#######---#000-0#eng-# | ||
| 041 | _aeng | ||
| 044 | _aenk | ||
| 050 | 4 |
_aPR2807 _b.A2 G65 _c1910 |
|
| 100 | 1 |
_aShakespeare, William _d1564-1616 _910760 |
|
| 245 | 1 | 0 |
_aShakespeare´s _btragedy of Hamlet _cWilliam Shakespeare; with preface, glossary by Israel Gollancz. |
| 260 |
_aLondres _bJ. M. Dent _c1910 |
||
| 300 |
_axv., 205 p. _c14 cm. |
||
| 500 | _aIncluye glosario y notas | ||
| 500 | _aEdición con cantos dorados | ||
| 500 | _aL9 | ||
| 650 | 1 | 4 |
_aLiteratura inglesa _916051 |
| 700 | 1 |
_aGollancz, Israel _f1864-1930 _916052 |
|
| 902 | _aGFM | ||
| 942 |
_2lcc _cB |
||
| 999 |
_c6110 _d6110 |
||